List of All Ash Ketchum's Pokémon - Statistics

General Stats
  • This quiz has been taken 32 times
  • The average score is 45 of 56
Answer Stats
Hint Answer % Correct
Kanto Butterfree
100%
Kanto Pikachu
100%
Kanto Squirtle
100%
Kanto Bulbasaur
96%
Kanto Charizard
96%
Kanto Pidgeot
96%
Kanto Tauros
96%
Johto Bayleef
88%
Galar Gengar
88%
Kalos Goodra
88%
Kalos Greninja
88%
Alola Incineroar
88%
Kanto Lapras
88%
Kanto Muk
88%
Johto Noctowl
88%
Unova Pignite
88%
Hoenn Sceptile
88%
Hoenn Swellow
88%
Johto Totodile
88%
Sinnoh Buizel
83%
Galar Dragonite
83%
Hoenn Glalie
83%
Kalos Hawlucha
83%
Sinnoh Infernape
83%
Kanto Kingler
83%
Alola Melmetal
83%
Johto Quilava
83%
Alola Rowlet
83%
Unova Snivy
83%
Hoenn Torkoal
83%
Sinnoh Torterra
83%
Galar Dracovish
79%
Unova Leavanny
79%
Kalos Noivern
79%
Unova Oshawott
79%
Kanto Snorlax
79%
Sinnoh Staraptor
79%
Kalos Talonflame
79%
Unova Unfezant
79%
Sinnoh Gible
75%
Johto Heracross
75%
Unova Krookodile
75%
Galar Lucario
75%
Galar Sirfetch'd
75%
Unova Boldore
71%
Johto Donphan
71%
Sinnoh Gliscor
71%
Alola Lycanroc
71%
Unova Palpitoad
71%
Hoenn Corphish
67%
Johto Larvitar
67%
Kanto Primeape
67%
Unova Scraggy
67%
Sinnoh Ambipom
63%
Alola Naganadel
58%
Alola Solgaleo
42%
No matching quizzes found
Score Distribution
Percent of People with Each Score
Percentile by Number Answered
Your Score History
You have not taken this quiz